000 00578nam a22001937a 4500
005 20251108164047.0
008 250721s1982 xx 000 0 ara d
082 1 4 _a363.258/شمص
100 1 _aشمص، نظير
245 1 0 _aعلم البصمات :
_bدراسة تطبيقية شاملة /
264 1 _aبيروت :
_bمكتبة الحياة،
_c1982.
300 _a219ص
650 1 7 _aبصمات الأصابع
650 1 7 _aالتحقيق الجنائي
650 1 7 _aالدليل الجنائي
700 1 _aخضر، فوزي
942 _2ddc
_cBK
999 _c2613
_d2613